000 01165cam a2200301 i 4500
999 _c26916
_d26916
001 26916
003 Mx-PuUPA
005 20191204122747.0
008 140415s2017 ck o gr 001 0 spa d
040 _aMx-PuUPA
_bspa
_cMx-PuUPA
_dMx-PuUPA
_erda
041 0 _aspa
245 1 0 _aColombia diversa =
_bdiverse Colombia /
_cobra producida y editada por - Produced and published by IM Editores ; fotografías - fotographs, Angélica Montes, Germán Montes, [y otros cinco]
264 1 _aBogotá, Colombia :
_biM Editores,
_c2017
300 _a154 páginas :
_bfotografías ;
_c15 cm
336 _atexto
_2rdacontent
_btxt
337 _asin medio
_2rdamedia
_bn
338 _avolumen
_2rdacarrier
_bnc
546 _aTexto escrito en español e ingles.
651 4 _aColombia
_xObras pictóricas
651 4 _aColombia
_xObras pictóricas y viaje
700 1 _aMontes, Angélica,
_efotográfo
700 1 _aMontes, Germán,
_efotográfo
710 _aiM Editores,
_eproductor
_eeditor
942 _2ddc
_cLI
_h918.6100222
_iC683